000 00930nam a2200265Ia 4500
003 OSt
005 20221005111113.0
006 a|||||r|||| 00| 0
007 ta
008 221004b |||||||| |||| 00| 0 hin d
020 _a9789350009161 (hbk (Set))
_c1500
024 _a6928
037 _b90, 05/09/2013, Vani Prakashan
_cTextual
040 _aCRL
_cCRL
_bhin
041 _2hin
_ahin
082 _aO152,3N11w, Q1.1-.2
100 _aथानवी, ओम, संपा.
245 0 _aअपने अपने अज्ञेय
246 _aApane apane ajnyeya
260 _aनई दिल्ली
_bवाणी प्रकाशन भारत
_c2011
490 _vभाग 1
650 _aहिन्दी साहित्य
942 _hO152,3N11w, Q1.1-.2
_cTEXL
_2cc
999 _c1020830
_d1020830